Ecology of freshwaters (Record no. 1237905)

MARC details
000 -LEADER
fixed length control field 00696nam a2200265Ia 4500
005 - DATE AND TIME OF LATEST TRANSACTION
control field 20250117103624.0
008 - FIXED-LENGTH DATA ELEMENTS--GENERAL INFORMATION
fixed length control field 008 250103s9999 xx 000 0 eng d
020 ## - INTERNATIONAL STANDARD BOOK NUMBER
International Standard Book Number 9781119239406
037 ## - SOURCE OF ACQUISITION
Stock number Textual
040 ## - CATALOGING SOURCE
Original cataloging agency CSL
Language of cataloging eng
Transcribing agency CSL
041 ## - LANGUAGE CODE
Language code of text/sound track or separate title eng
Source of code eng
084 ## - COLON CLASSIFICATION NUMBER
Classification number G:5 Q8
Assigning agency CSL
100 ## - MAIN ENTRY--PERSONAL NAME
Personal name Moss, Brian
9 (RLIN) 467006
245 #0 - TITLE STATEMENT
Title Ecology of freshwaters
Statement of responsibility, etc. Moss, Brian
250 ## - EDITION STATEMENT
Edition statement 5th
260 ## - PUBLICATION, DISTRIBUTION, ETC.
Place of publication, distribution, etc. West Sessex
Name of publisher, distributor, etc. Wiley
Date of publication, distribution, etc. 2018
300 ## - PHYSICAL DESCRIPTION
Extent xiv, 544p. col. ill.
650 ## - SUBJECT ADDED ENTRY--TOPICAL TERM
Topical term or geographic name entry element Floodplains
9 (RLIN) 734273
650 ## - SUBJECT ADDED ENTRY--TOPICAL TERM
Topical term or geographic name entry element Lakes
9 (RLIN) 734274
650 ## - SUBJECT ADDED ENTRY--TOPICAL TERM
Topical term or geographic name entry element Rich systems
9 (RLIN) 734275
650 ## - SUBJECT ADDED ENTRY--TOPICAL TERM
Topical term or geographic name entry element Water
650 ## - SUBJECT ADDED ENTRY--TOPICAL TERM
Topical term or geographic name entry element Zoology
942 ## - ADDED ENTRY ELEMENTS (KOHA)
Koha item type Textual
Classification part G:5 Q8
Holdings
Withdrawn status Lost status Damaged status Not for loan Home library Current library Date acquired Source of acquisition Inventory number Total Checkouts Full call number Barcode Date last seen Price effective from Koha item type
        Central Science Library Central Science Library 2025-01-17 Global Educational Books 23, 31/01/2024   G:5 Q8 SL1655855 2025-07-24 2025-01-17 Textual
Copyright @ Delhi University Library System